| 000 | 01148nam a2200301 i 4500 | ||
|---|---|---|---|
| 001 | 195874 | ||
| 003 | ES-MaACL | ||
| 005 | 20250324063056.0 | ||
| 008 | 240728s2016 sp ||||| |||| 00| 0 spa d | ||
| 017 |
_aBA 624-2016 _bOficina Depósito Legal Badajoz |
||
| 040 | _cES-MaACL | ||
| 100 |
_9236607 _aCarmona Cerrato, Julio _eaut |
||
| 245 |
_aUn error histórico : _bla identidad de Alonso de Mendoza / _cJulio Carmona Cerrato. |
||
| 250 | _aPrimera edición | ||
| 260 |
_aDon Benito : _bAyuntamiento de Don Benito, _c2016. |
||
| 300 |
_a389 pág. : _c24 cm. |
||
| 336 |
_2rdacontent _aTexto |
||
| 337 |
_2rdamedia _asin mediación |
||
| 338 |
_2rdacarrier _avolumen |
||
| 600 | 4 |
_aMendoza Carvajal, Alonso de _9239875 |
|
| 650 | 7 |
_9155640 _aConquistadores- _xBiografías _zAmérica- |
|
| 650 | 7 |
_9168677 _aHistoria moderna- _yS.XVI |
|
| 852 |
_aES-MaACL _bR.152514 _cDEPOJ _jN-8989 _hDonación: Editorial _xEncuadernación rústica con solapas _9204857 |
||
| 942 |
_cMONOGRAFIA _n0 |
||
| 999 |
_c195874 _d195874 |
||